000 00640nam a2200205Ii 4500
003 JO-AjNU
008 230605s9999||||xx |||||||||||||| ||und||
040 _aJO-AjNU
_bara
_erda
_cJO-AjNU
041 _aara
050 1 4 _aBF575.1985
100 3 _aالداموري،نبيه/جمع,
_eauthor
_914034
245 0 0 _aاضحك مع الحمقى والمجانين-الجميع
250 _aط2
264 3 1 _aبيروت:دار الكتاب اللبناني،1985
300 _a156ص
336 _atext
_btxt
_2rdacontent
337 _aunmediated
_bn
_2rdamedia
338 _avolume
_bnc
_2rdacarrier
650 4 _aالادب الشعبي
_914035
999 _aA3646
_c7214
_d7214